| 000 | 04989nam a2202113 i 4500 | ||
|---|---|---|---|
| 001 | nkc20243632056 | ||
| 003 | CZ PrSKC | ||
| 005 | 20260424141809.0 | ||
| 007 | ta | ||
| 008 | 240917s2024 xr a g 000 0dcze | ||
| 015 | _acnb003632056 | ||
| 020 |
_a9788026453642 _q(vázáno) : _cKč 369,00 |
||
| 035 | _a(OCoLC)1468021996 | ||
| 040 |
_aBOA001 _bcze _dOLA001 _erda |
||
| 043 | _ae-xr--- | ||
| 045 | _ax-y- | ||
| 072 | 7 |
_a343.8 _xVězeňství _2Konspekt |
|
| 072 | 7 |
_a929 _xBiografie _2Konspekt |
|
| 080 |
_a37.011.3-055.2 _2MRF |
||
| 080 |
_a343.8 _2MRF |
||
| 080 |
_a343.81 _2MRF |
||
| 080 |
_a343.8-051 _2MRF |
||
| 080 |
_a929 _2MRF |
||
| 080 |
_a(437.3) _2MRF |
||
| 080 |
_a(0:82-96) _2MRF |
||
| 080 |
_a(0:82-94) _2MRF |
||
| 100 | 1 |
_aMíková, Katka _4aut |
|
| 245 | 1 | 0 |
_aZa katrem / _cKatka Míková |
| 250 | _a1. vydání | ||
| 264 | 1 |
_aV Brně : _bCPress, _c2024 |
|
| 300 |
_a198 stran : _bilustrace (některé barevné) ; _c22 cm |
||
| 336 |
_atext _btxt _2rdacontent |
||
| 337 |
_abez média _bn _2rdamedia |
||
| 338 |
_asvazek _bnc _2rdacarrier |
||
| 500 | _aObálkový podnázev: historky, co utekly z basy | ||
| 500 | _aTerminologické slovníky | ||
| 520 | 2 | _aBývalá vězeňská vychovatelka popisuje nejen své zážitky ze své práce, ale i každodenní život v mužské věznici s ostrahou. | |
| 600 | 1 | 7 |
_aMíková, Katka _2czenas |
| 648 | 7 |
_a20.-21. století _2czenas |
|
| 648 | 7 |
_a21. století _2czenas |
|
| 650 | 0 | 7 |
_avychovatelky _zČesko _y20.-21. století _2czenas |
| 650 | 0 | 7 |
_avězeňství _zČesko _y21. století _2czenas |
| 650 | 0 | 7 |
_avěznice _zČesko _y21. století _2czenas |
| 650 | 0 | 7 |
_avězni _zČesko _y21. století _2czenas |
| 650 | 0 | 9 |
_awomen educators _zCzechia _y20th-21st centuries _2eczenas |
| 650 | 0 | 9 |
_aprison administration _zCzechia _y21st century _2eczenas |
| 650 | 0 | 9 |
_aprisons _zCzechia _y21st century _2eczenas |
| 650 | 0 | 9 |
_aprisoners _zCzechia _y21st century _2eczenas |
| 655 | 7 |
_aliteratura faktu _2czenas |
|
| 655 | 7 |
_avzpomínky _2czenas |
|
| 655 | 9 |
_anon-fiction _2eczenas |
|
| 655 | 9 |
_areminiscences _2eczenas |
|
| 900 | _b19 | ||
| 910 | _aABA001 | ||
| 910 | _aABB060 | ||
| 910 | _aABD003 | ||
| 910 | _aABG001 | ||
| 910 | _aABG019 | ||
| 910 | _aABG502 | ||
| 910 | _aABG503 | ||
| 910 | _aABG505 | ||
| 910 | _aBEG001 | ||
| 910 | _aBKG001 | ||
| 910 | _aBKG502 | ||
| 910 | _aBNG001 | ||
| 910 | _aBOA001 | ||
| 910 | _aBOG001 | ||
| 910 | _aBRG001 | ||
| 910 | _aBVG001 | ||
| 910 | _aCBA001 | ||
| 910 | _aCHG001 | ||
| 910 | _aCHG501 | ||
| 910 | _aCHG505 | ||
| 910 | _aCKG001 | ||
| 910 | _aCLG001 | ||
| 910 | _aCRG001 | ||
| 910 | _aCVG001 | ||
| 910 | _aDCG302 | ||
| 910 | _aDCG501 | ||
| 910 | _aDCG503 | ||
| 910 | _aDOG001 | ||
| 910 | _aFMG002 | ||
| 910 | _aFMG508 | ||
| 910 | _aHBG001 | ||
| 910 | _aHBG501 | ||
| 910 | _aHKA001 | ||
| 910 | _aHKG001 | ||
| 910 | _aHOG504 | ||
| 910 | _aJCG001 | ||
| 910 | _aJCG502 | ||
| 910 | _aJHG001 | ||
| 910 | _aJHG502 | ||
| 910 | _aJHG503 | ||
| 910 | _aJIG001 | ||
| 910 | _aJNG001 | ||
| 910 | _aKAG001 | ||
| 910 | _aKAG502 | ||
| 910 | _aKAG503 | ||
| 910 | _aKAG505 | ||
| 910 | _aKAG506 | ||
| 910 | _aKHG001 | ||
| 910 | _aKHG505 | ||
| 910 | _aKLG001 | ||
| 910 | _aKLG002 | ||
| 910 | _aKLG501 | ||
| 910 | _aKMG001 | ||
| 910 | _aKOG001 | ||
| 910 | _aKTG001 | ||
| 910 | _aKTG501 | ||
| 910 | _aKVG003 | ||
| 910 | _aKVG501 | ||
| 910 | _aLIA001 | ||
| 910 | _aLTG001 | ||
| 910 | _aMBG001 | ||
| 910 | _aMEG501 | ||
| 910 | _aMEG502 | ||
| 910 | _aMOG001 | ||
| 910 | _aMOG501 | ||
| 910 | _aNAG502 | ||
| 910 | _aNBG001 | ||
| 910 | _aNBG505 | ||
| 910 | _aNJG001 | ||
| 910 | _aNJG502 | ||
| 910 | _aNJG504 | ||
| 910 | _aNJG505 | ||
| 910 | _aOLA001 | ||
| 910 | _aOLD012 | ||
| 910 | _aOLG001 | ||
| 910 | _aOPG001 | ||
| 910 | _aOPG502 | ||
| 910 | _aOPG503 | ||
| 910 | _aOSA001 | ||
| 910 | _aOSG002 | ||
| 910 | _aPAG001 | ||
| 910 | _aPAG002 | ||
| 910 | _aPBG001 | ||
| 910 | _aPEG001 | ||
| 910 | _aPEG501 | ||
| 910 | _aPIG001 | ||
| 910 | _aPIG501 | ||
| 910 | _aPNA001 | ||
| 910 | _aPNG001 | ||
| 910 | _aPRG001 | ||
| 910 | _aPTG001 | ||
| 910 | _aPVG001 | ||
| 910 | _aRKG001 | ||
| 910 | _aROG001 | ||
| 910 | _aSMG004 | ||
| 910 | _aSMG506 | ||
| 910 | _aSOG001 | ||
| 910 | _aSOG504 | ||
| 910 | _aSTG001 | ||
| 910 | _aSUG001 | ||
| 910 | _aSUG802 | ||
| 910 | _aSVG001 | ||
| 910 | _aSVG502 | ||
| 910 | _aSVG503 | ||
| 910 | _aTAG001 | ||
| 910 | _aTCG001 | ||
| 910 | _aTCG501 | ||
| 910 | _aTPG001 | ||
| 910 | _aTPG503 | ||
| 910 | _aTRG001 | ||
| 910 | _aTUG502 | ||
| 910 | _aTUG504 | ||
| 910 | _aUHG001 | ||
| 910 | _aULG001 | ||
| 910 | _aUOG001 | ||
| 910 | _aUOG502 | ||
| 910 | _aUOG505 | ||
| 910 | _aUOG507 | ||
| 910 | _aVSG001 | ||
| 910 | _aVSG501 | ||
| 910 | _aVYG001 | ||
| 910 | _aZLG001 | ||
| 910 | _aZNG001 | ||
| 910 | _aZRG503 | ||
| 942 |
_2ddc _cKNIHA _n0 |
||
| 999 |
_c1875 _d1875 |
||